<?xml version="1.0" encoding="UTF-8"?><?xml-stylesheet type="text/xsl" href="static/style.xsl"?><OAI-PMH xmlns="http://www.openarchives.org/OAI/2.0/" xmlns:xsi="http://www.w3.org/2001/XMLSchema-instance" xsi:schemaLocation="http://www.openarchives.org/OAI/2.0/ http://www.openarchives.org/OAI/2.0/OAI-PMH.xsd"><responseDate>2026-04-17T21:00:41Z</responseDate><request verb="GetRecord" identifier="oai:www.recercat.cat:2072/439525" metadataPrefix="marc">https://recercat.cat/oai/request</request><GetRecord><record><header><identifier>oai:recercat.cat:2072/439525</identifier><datestamp>2026-03-21T02:43:05Z</datestamp><setSpec>com_2072_98</setSpec><setSpec>col_2072_378192</setSpec></header><metadata><record xmlns="http://www.loc.gov/MARC21/slim" xmlns:dcterms="http://purl.org/dc/terms/" xmlns:xsi="http://www.w3.org/2001/XMLSchema-instance" xmlns:doc="http://www.lyncode.com/xoai" xsi:schemaLocation="http://www.loc.gov/MARC21/slim http://www.loc.gov/standards/marcxml/schema/MARC21slim.xsd">
   <leader>00925njm 22002777a 4500</leader>
   <datafield ind2=" " ind1=" " tag="042">
      <subfield code="a">dc</subfield>
   </datafield>
   <datafield ind2=" " ind1=" " tag="720">
      <subfield code="a">Sala Ríos, Mercè</subfield>
      <subfield code="e">author</subfield>
   </datafield>
   <datafield ind2=" " ind1=" " tag="720">
      <subfield code="a">Torres Solé, Teresa</subfield>
      <subfield code="e">author</subfield>
   </datafield>
   <datafield ind2=" " ind1=" " tag="720">
      <subfield code="a">Márquez Cebrián, Dolors</subfield>
      <subfield code="e">author</subfield>
   </datafield>
   <datafield ind2=" " ind1=" " tag="720">
      <subfield code="a">Muñoz Gràcia, Pilar</subfield>
      <subfield code="e">author</subfield>
   </datafield>
   <datafield ind2=" " ind1=" " tag="260">
      <subfield code="c">2012</subfield>
   </datafield>
   <datafield ind2=" " ind1=" " tag="520">
      <subfield code="a">This paper analyzes the links between business cycle correlation and trade intensity, sectoral specialization and higher degree of monetary and fiscal policy coordination. We apply the analysis to Central and Eastern European Countries (CEES) in relation to euro area over the period 2004-2006. The main objective is to determine if in the initial stages of trade liberalization and European integration (2004-2006) the best results in the business cycle correlation correspond to the best results in those three variables. The results show that in general, the synchronization of cycles between CEES and euro area is linked to trade intensity, specialization intra-industrial, and greater policy coordination.</subfield>
   </datafield>
   <datafield ind2=" " ind1=" " tag="520">
      <subfield code="a">El trabajo analiza las fluctuaciones cíclicas de los nuevos miembros de la UE (PECES) en relación con las de la zona euro. El principal objetivo es averiguar si en las etapas iniciales de la liberalización del comercio e integración europea (2004-2006) los mejores resultados en la correlación de los ciclos entre los PECES y la zona euro se corresponden con los mejores resultados en las variables que según la literatura, muestran una relación más robusta con la simetría de las perturbaciones sobre la producción. Los resultados muestran que en general, la sincronización en los ciclos viene unida a una mayor intensidad comercial, especialmente de carácter intra-industrial, una menor especialización productiva, y una mayor coordinación en las principales políticas macroeconómicas.</subfield>
   </datafield>
   <datafield tag="653" ind2=" " ind1=" ">
      <subfield code="a">Fluctuaciones cíclicas</subfield>
   </datafield>
   <datafield tag="653" ind2=" " ind1=" ">
      <subfield code="a">Ampliación de la UEM</subfield>
   </datafield>
   <datafield tag="653" ind2=" " ind1=" ">
      <subfield code="a">Integración</subfield>
   </datafield>
   <datafield tag="653" ind2=" " ind1=" ">
      <subfield code="a">Intensidad comercial</subfield>
   </datafield>
   <datafield tag="653" ind2=" " ind1=" ">
      <subfield code="a">Especialización productiva</subfield>
   </datafield>
   <datafield tag="653" ind2=" " ind1=" ">
      <subfield code="a">Coordinación políticas macroeconómicas</subfield>
   </datafield>
   <datafield tag="653" ind2=" " ind1=" ">
      <subfield code="a">Business Cycle</subfield>
   </datafield>
   <datafield tag="653" ind2=" " ind1=" ">
      <subfield code="a">EMU Enlargement</subfield>
   </datafield>
   <datafield tag="653" ind2=" " ind1=" ">
      <subfield code="a">Integration</subfield>
   </datafield>
   <datafield tag="653" ind2=" " ind1=" ">
      <subfield code="a">Trade Intensity</subfield>
   </datafield>
   <datafield tag="653" ind2=" " ind1=" ">
      <subfield code="a">Sectoral specialization</subfield>
   </datafield>
   <datafield tag="653" ind2=" " ind1=" ">
      <subfield code="a">Macroeconomic policy coordination</subfield>
   </datafield>
   <datafield ind2="0" ind1="0" tag="245">
      <subfield code="a">Un análisis de los posibles determinantes de la asimetría de las fluctuaciones cíclicas entre los nuevos miembros de la UE y la zona euro</subfield>
   </datafield>
</record></metadata></record></GetRecord></OAI-PMH>